Statistics for Manchester United 2010's Starting XI

Click here to take the quiz!

General Stats

  • This quiz has been taken 379 times
  • The average score is 33 of 40

Answer Stats

Player% Correct
David De Gea
100%
Paul Pogba
98%
Robin van Persie
97%
Romelu Lukaku
96%
Wayne Rooney
96%
Marcus Rashford
95%
Anthony Martial
95%
Ryan Giggs
95%
Nemanja Matic
95%
Antonio Valencia
94%
Zlatan Ibrahimovic
94%
Edwin van der Sar
94%
Juan Mata
93%
Nemanja Vidic
92%
Victor Lindelöf
92%
Rio Ferdinand
90%
Dimitar Berbatov
88%
Phil Jones
88%
Chris Smalling
87%
Nani
87%
Paul Scholes
85%
Patrice Evra
85%
Luke Shaw
83%
Marcos Rojo
81%
Daley Blind
81%
Angel Di Maria
78%
Marouane Fellaini
78%
Michael Carrick
77%
Ander Herrera
77%
Eric Bailly
77%
Jesse Lingard
76%
Darren Fletcher
76%
Rafael
75%
Ashley Young
75%
Matteo Darmian
73%
Jonny Evans
71%
John O'Shea
67%
Danny Welbeck
56%
Morgan Schneiderlin
50%
Tom Cleverley
35%

Score Distribution

Percentile by Number Answered

Percent of People with Each Score

Your Score History

You have not taken this quiz